A three-point plan for Geneva 2000 (Record no. 45607)

000 -LEADER
fixed length control field 00764pab a2200169 454500
008 - FIXED-LENGTH DATA ELEMENTS--GENERAL INFORMATION
fixed length control field 180718b2000 xxu||||| |||| 00| 0 eng d
100 ## - MAIN ENTRY--PERSONAL NAME
Personal name Tarling, Nigel
245 ## - TITLE STATEMENT
Title A three-point plan for Geneva 2000
260 ## - PUBLICATION, DISTRIBUTION, ETC.
Date of publication, distribution, etc. 2000
300 ## - PHYSICAL DESCRIPTION
Extent p.59-62
362 ## - DATES OF PUBLICATION AND/OR SEQUENTIAL DESIGNATION
Dates of publication and/or sequential designation Jun
520 ## - SUMMARY, ETC.
Summary, etc. Nigel Tarling reports on the International Council on Social Welfare (ICSW), a global alliance of civil society organizations whose priority issues for Geneva are: the establishment of an international anti-poverty alliance; the strengthening of international principles and standards for social development; and the strengthening of the ECOSOC system. - Reproduced
650 ## - SUBJECT ADDED ENTRY--TOPICAL TERM
Topical term or geographic name entry element Civil society
650 ## - SUBJECT ADDED ENTRY--TOPICAL TERM
Topical term or geographic name entry element Economic and social development
773 ## - HOST ITEM ENTRY
Main entry heading Development
909 ## -
-- 45607
Holdings
Withdrawn status Lost status Damaged status Not for loan Permanent Location Current Location Date acquired Serial Enumeration / chronology Barcode Date last seen Price effective from Koha item type
        Indian Institute of Public Administration Indian Institute of Public Administration 2018-07-19 Volume no: 43, Issue no: 2 AR46030 2018-07-19 2018-07-19 Articles

Powered by Koha